000 01571cad a22002655a 4500
001 L139302
008 070725s2007 xxkd f f000 0 eng d
035 _a(Sirsi) u139302
041 0 _aeng
050 0 4 _a692.2 $2 18
110 1 _aUnited Kingdom
_bDepartment for Communities and Local Government
_94939
245 0 0 _aBuilding Regulations
_benergy efficiency requirements for new dwellings
_ba forward look at what standards may be in 2010 and 2013
_h[electronic resource]
260 _aLondon
_bDCLG
_c2007
520 _aPublished in support of the Housing Green Paper (L139252), this paper identifies the issues that will need to be considered in the forthcoming review of the Building Regulations Part L (energy efficiency requirements for new dwellings). To meet future targets for energy efficiency, the standards are likely to be significantly higher and this paper provides illustrations of the kinds of building specifications that maybe appropriate in the future.
590 _aKA
650 2 4 _aHOUSING GREEN PAPER 2007
650 2 4 _aBUILDING REGULATIONS 2000 APPROVED DOCUMENT L1A (2006 EDITION)
650 2 4 _aBUILDING REGULATIONS 2000 APPROVED DOCUMENT L1B (2006 EDITION)
650 2 4 _aBUILDING REGULATIONS 2000 APPROVED DOCUMENT L2B (2006 EDITION)
650 2 4 _aBUILDING REGULATIONS 2000 APPROVED DOCUMENT L2A (2006 EDITION)
651 4 _aEngland and Wales
_y1543-
690 _aBuilding regulations
_96224
856 4 0 _uhttps://www.communities.gov.uk/index.asp?id=1511884
_zView the item free of charge at www.communities.gov.uk...
942 _n0
999 _c107290
_d107290